Movies Quiz

Random Movies or Actor Quiz

THEY are in a IMDb Top 250 Movie!? Quiz Stats

 Plays Quiz not verified by Sporcle

Challenge
Share
Tweet
Embed
Score 0/30 Timer 08:00
0 Plays Today
Actor Movie % Correct
Tim Allen*Toy Story
81.7%
Andre the GiantThe Princess Bride
63.4%
Katie HolmesBatman Begins
59.2%
Craig T. Nelson*The Incredibles
55.6%
Jonathan Taylor Thomas*The Lion King
47.6%
Vin DieselSaving Private Ryan
44.4%
Stephen BaldwinThe Usual Suspects
44.1%
Carl WeathersRocky
41.5%
Mike MyersInglourious Basterds
37%
Colin FarrellIn Bruges
36.2%
Steve CarellLittle Miss Sunshine
31.3%
David BowieThe Prestige
31%
Marlon WayansRequiem for a Dream
30.8%
Vivica A. FoxKill Bill Vol. 1
29%
Patrick SwayzeDonnie Darko
28.5%
Actor Movie % Correct
Corey FeldmanStand By Me
27.7%
Tara ReidThe Big Lebowski
27.6%
Brendan FraserCrash
25%
Frank SinatraThe Manchurian Candidate
23.1%
Donnie WahlbergThe Sixth Sense
22.5%
John C. ReillyMagnolia
22.3%
Kirsten DunstEternal Sunshine of the Spotless Mind
18%
Paul ReiserAliens
16.8%
Winona RyderStar Trek
8.3%
Billy Ray CyrusMulholland Dr.
7.8%
Wilford BrimleyThe Thing
7.8%
Zach GalifianakisInto the Wild
6.1%
Judah FriedlanderThe Wrestler
3.6%
Duke EllingtonAnatomy of a Murder
2.1%
Greg Proops*The Nightmare Before Christmas
1.4%

You're not logged in!

Compare scores with friends on all Sporcle quizzes.
Join for Free
OR
Log In

You Might Also Like...

Show Comments

Extras

Created Mar 1, 2010SourceReportNominate
Tags:Actor Quiz, 250, imdb, Top 250

Top Quizzes Today


Score Distribution

Your Account Isn't Verified!

In order to create a playlist on Sporcle, you need to verify the email address you used during registration. Go to your Sporcle Settings to finish the process.

Report this User

Report this user for behavior that violates our Community Guidelines.

Details: